VLSI Design Techniques for Analog and Digital Circuits (Record no. 11209)

MARC details
000 -LEADER
fixed length control field 00402nam a22001577a 4500
003 - CONTROL NUMBER IDENTIFIER
control field OSt
008 - FIXED-LENGTH DATA ELEMENTS--GENERAL INFORMATION
fixed length control field 220511b ||||| |||| 00| 0 eng d
020 ## - INTERNATIONAL STANDARD BOOK NUMBER
International Standard Book Number 9780070702486
082 ## - DEWEY DECIMAL CLASSIFICATION NUMBER
Classification number 621.395
Item number GEV
100 ## - MAIN ENTRY--PERSONAL NAME
Personal name GEIGER, Randall L
245 ## - TITLE STATEMENT
Title VLSI Design Techniques for Analog and Digital Circuits
250 ## - EDITION STATEMENT
Edition statement 3th
260 ## - PUBLICATION, DISTRIBUTION, ETC. (IMPRINT)
Place of publication, distribution, etc New Delhi
Name of publisher, distributor, etc Tata Mcgraw Hill
Date of publication, distribution, etc 2013
300 ## - PHYSICAL DESCRIPTION
Extent 969
942 ## - ADDED ENTRY ELEMENTS (KOHA)
Source of classification or shelving scheme Dewey Decimal Classification
Koha item type Text Books
Holdings
Withdrawn status Lost status Source of classification or shelving scheme Damaged status Not for loan Collection code Home library Current library Date acquired Source of acquisition Currency Cost, normal purchase price Bill Number Total Checkouts Full call number Acc. no. / Barcode Date last seen Actual Cost, discounted price Bill Date Koha item type
    Dewey Decimal Classification     B.Tech(ECE) PIET C-LIBRARY PIET C-LIBRARY 17/02/2022 Naresh Book Depot Indian Rup 710.00 145   621.395 GEV 33575 11/05/2022 568.00 17/02/2022 Text Books

Design & Developed by: PIET Central Library
R70 Miles Stone Pattikalyana Samalkha Panipat 132102
mail ID :- [email protected], Phone No:- 0180-2569700 Ex.216